[Event "POL-ch U16 Girls"]
[Site "Jastrzebia Gora"]
[Date "2023.??.??"]
[Round "6"]
[White "Idzior, Izabela"]
[Black "Racis, Dominika"]
[Result "1-0"]
[WhiteElo "1287"]
[BlackElo "1201"]
[PlyCount "73"]
[EventDate "2023.03.11"]
[EventType "swiss"]
[EventRounds "9"]
[EventCountry "POL"]
[SourceTitle "CBM 213 Extra"]
[Source "ChessBase"]
[SourceDate "2023.05.31"]
[SourceVersion "1"]
[SourceVersionDate "2023.05.31"]
[SourceQuality "1"]

1. e4 c6 2. d4 d5 3. Nc3 dxe4 4. Nxe4 Bf5 5. Ng3 Bg6 6. Nh3 Nf6 7. c3 Nbd7 8. Nf4 e6 9. Bc4 Nd5 10. Nxg6 hxg6 11. Bxd5 cxd5 12. Bf4 Nb6 13. Qf3 g5 14. Bc1 Rh4 15. Nf1 Re4+ 16. Be3 Nc4 17. b3 Qa5 18. Rc1 Nxe3 19. fxe3 Qxa2 20. Nd2 Rh4 21. 0-0 f6 22. Qe2 Qa5 23. e4 Kf7 24. Nf3 Rh6 25. Nxg5+ Ke7 26. Nh3 Rh4 27. Nf4 Kd8 28. g3 Rh6 29. Nxe6+ Kd7 30. Qg4 Kc6 31. c4 Qa2 32. cxd5+ Kb5 33. Nc7+ Kb4 34. Rf2 Qxb3 35. Qe2 Rc8 36. Rf3 Qa4 37. Rc4+ 1-0

[Event "POL-ch U16 Girls"]
[Site "Jastrzebia Gora"]
[Date "2023.??.??"]
[Round "4"]
[White "Racis, Dominika"]
[Black "Lach, Alicja"]
[Result "1-0"]
[WhiteElo "1201"]
[BlackElo "1231"]
[PlyCount "67"]
[EventDate "2023.03.11"]
[EventType "swiss"]
[EventRounds "9"]
[EventCountry "POL"]
[SourceTitle "CBM 213 Extra"]
[Source "ChessBase"]
[SourceDate "2023.05.31"]
[SourceVersion "1"]
[SourceVersionDate "2023.05.31"]
[SourceQuality "1"]

1. d4 Nf6 2. c4 c5 3. Nf3 b5 4. e3 bxc4 5. Bxc4 d5 6. Bb5+ Bd7 7. Bxd7+ Qxd7 8. Ne5 Qc7 9. Nc3 e6 10. Qa4+ Nbd7 11. Nb5 Qb8 12. Nc6 Qb7 13. Qa6 Rb8 14. Nxb8 Qxb8 15. dxc5 Bxc5 16. Bd2 Ne4 17. Rc1 0-0 18. Ba5 Bb6 19. Bxb6 axb6 20. 0-0 Ndc5 21. Qa3 Nd2 22. Rfd1 Nc4 23. Qb4 Qe5 24. Nd4 Qc7 25. b3 Ne5 26. Nb5 Qd7 27. Rc3 Ned3 28. Rcxd3 Nxd3 29. Rxd3 Rc8 30. Rc3 h6 31. Rxc8+ Qxc8 32. Qc3 Qd7 33. a4 f6 34. Qc2 1-0